[Event "Southend op"]
[Site "London"]
[Date "1998.04.13"]
[Round "7"]
[White "Bennett, John"]
[Black "Morgan, Ian P"]
[Result "0-1"]
[WhiteElo "1768"]
[BlackElo "1592"]
[PlyCount "94"]
[EventDate "1998.04.10"]
[EventType "swiss"]
[EventRounds "7"]
[EventCountry "ENG"]
[SourceTitle "EXT 2001"]
[Source "ChessBase"]
[SourceDate "2000.11.22"]
[SourceVersion "1"]
[SourceVersionDate "2000.11.22"]
[SourceQuality "1"]

1. e4 g6 2. d4 Bg7 3. c4 d6 4. Nc3 Nc6 5. Be3 e5 6. d5 Nce7 7. Be2 f5 8. f3 Nf6 9. Qd2 f4 10. Bf2 Bd7 11. g3 g5 12. h4 h6 13. 0-0-0 Ng6 14. h5 Ne7 15. g4 0-0 16. Nh3 Nh7 17. Qc2 a6 18. Kd2 b5 19. Ke1 Qb8 20. Kf1 Nc8 21. Kg2 bxc4 22. Bxc4 Nb6 23. Bb3 Qc8 24. Qe2 Bxg4 25. a4 Rb8 26. Qc2 Bxh3+ 27. Rxh3 g4 28. Rhh1 Nf6 29. Rh4 g3 30. Bg1 Qb7 31. Rd2 Kh8 32. a5 Nbd7 33. Ba4 Qc8 34. Bc6 Rf7 35. Ba7 Rb4 36. Na2 Rxe4 37. fxe4 Qd8 38. Rh3 Nh7 39. Bxd7 Qxd7 40. Qc6 Qg4 41. Qe8+ Rf8 42. Qe6 f3+ 43. Kg1 f2+ 44. Rxf2 gxf2+ 45. Kf1 Qg1+ 46. Ke2 f1Q+ 47. Kd2 Qxa7 0-1

[Event "Southend op"]
[Site "London"]
[Date "1998.04.11"]
[Round "3"]
[White "Burrows, Jonathan"]
[Black "Morgan, Ian P"]
[Result "1-0"]
[WhiteElo "1376"]
[BlackElo "1592"]
[PlyCount "51"]
[EventDate "1998.04.10"]
[EventType "swiss"]
[EventRounds "7"]
[EventCountry "ENG"]
[SourceTitle "EXT 2001"]
[Source "ChessBase"]
[SourceDate "2000.11.22"]
[SourceVersion "1"]
[SourceVersionDate "2000.11.22"]
[SourceQuality "1"]

1. e4 g6 2. d4 Bg7 3. Nc3 c6 4. Bc4 d6 5. Qf3 e6 6. Nge2 Nd7 7. 0-0 Qe7 8. Be3 e5 9. d5 c5 10. Nb5 Nb6 11. b3 f5 12. Nec3 f4 13. Bxc5 dxc5 14. d6 Qd8 15. Nc7+ Kf8 16. Qd3 Bd7 17. Bb5 Rc8 18. Bxd7 Qxd7 19. a4 a5 20. N3b5 Nf6 21. Rad1 h5 22. f3 h4 23. h3 Rh5 24. Qc3 Rg5 25. Qxc5 Qxh3 26. d7+ 1-0

[Event "Southend op"]
[Site "London"]
[Date "1998.04.11"]
[Round "4"]
[White "Morgan, Ian P"]
[Black "George, Richard M"]
[Result "0-1"]
[WhiteElo "1592"]
[BlackElo "1704"]
[PlyCount "88"]
[EventDate "1998.04.10"]
[EventType "swiss"]
[EventRounds "7"]
[EventCountry "ENG"]
[SourceTitle "EXT 2001"]
[Source "ChessBase"]
[SourceDate "2000.11.22"]
[SourceVersion "1"]
[SourceVersionDate "2000.11.22"]
[SourceQuality "1"]

1. d4 Nf6 2. Bg5 e6 3. e4 d5 4. e5 h6 5. Bxf6 gxf6 6. Nf3 c5 7. c3 Nc6 8. Bd3 cxd4 9. cxd4 fxe5 10. dxe5 Bg7 11. Qe2 Qc7 12. Nc3 Nxe5 13. Nxe5 Qxe5 14. Rc1 a6 15. 0-0 Bd7 16. Qd2 0-0 17. Rfe1 Qd4 18. Re3 Qf4 19. Ne2 Qf6 20. Rg3 Kh8 21. Nf4 Qxb2 22. Rc2 Qe5 23. Rh3 Rac8 24. Nh5 Qa1+ 25. Bf1 Bb5 26. Ng3 Bxf1 27. Nxf1 Rxc2 28. Qxc2 Qe5 29. g3 d4 30. Qc1 Kh7 31. g4 Kg8 32. Ng3 Qg5 33. Qxg5 hxg5 34. Ne2 Rd8 35. Rd3 e5 36. Ng3 Rc8 37. Ne4 Rc1+ 38. Kg2 f6 39. a3 Ra1 40. Kf3 b5 41. Nc5 Bf8 42. Nxa6 Rxa3 43. Rxa3 Bxa3 44. Ke4 Bd6 0-1